| 000 | 00443nam a2200181Ia 4500 | ||
|---|---|---|---|
| 008 | 230524s9999 xx 000 0 und d | ||
| 020 | _a9780070599765 | ||
| 082 |
_a651.74 _bLES |
||
| 100 | _aRaymond V.Lesikar | ||
| 245 | 0 | _a"Basic Business Communication, " | |
| 250 | _a10TH | ||
| 260 |
_aNEW DELHI _bTMH _c2008 |
||
| 300 | _aXXX;599 | ||
| 500 | _aQuantity Number: 5 | ||
| 650 | _aEnglish | ||
| 700 | _a Marie E.Flatley | ||
| 942 | _cBK | ||
| 999 |
_c41195 _d41195 |
||